01150nabaa22001697a 4500003000400000005001700004008004100021040000700062100002300069245013900092300001300231500003700244505046800281505008900749650002700838773011500865OSt20260128225351.0190701b xxu||||| |||| 00| 0 spa d cPJ aBanchio, Mercedes 13aLa potestad sancionatoria del Poder Legislativo en el marco de la ley provincial 13.013 y sus sucesivas reformas /bMercedes Banchio.  ap. 64-83 aCita: TR LALEY AR/DOC/3277/2024  aSumario: I. Introducción.— II. Ley provincial 13.013. Su régimen disciplinario y los métodos para recurrirlo. Art. 8° Convención Interamericana de Derecho Humanos. Recurso contencioso administrativo.— III. La actividad administrativa en el marco de la ley provincial 13.013. Comisión Bicameral de Acuerdos de la Asamblea Legislativa.— IV. Comisión Bicameral de Acuerdos de la Asamblea Legislativa. Su actividad administrativa.— V. Corolario.  t¿Te interesa el texto completo? Comunicate al correo: koha@justierradelfuego.gov.ar 0aDERECHO ADMINISTRATIVO0 02842dBuenos Aires : AbeledoPerrot, 2012-oDA121tDerecho administrativo. Nº 157 enero/febrero 2025z18510590